| 000 | 01013nam a2200241 a 4500 | ||
|---|---|---|---|
| 001 | 48319 | ||
| 003 | BD-RjUL | ||
| 005 | 20211209054512.0 | ||
| 008 | 160813s2000 b ||||| |||| 00| 0 eng d | ||
| 020 | _c: Tk.100 | ||
| 035 | _a(BD-RjUL)48438 | ||
| 040 |
_aBD-RjUL _bben _cBD-RjUL |
||
| 041 | _aben | ||
| 082 |
_223 _a657.421 _bULH 2000 |
||
| 100 | 1 |
_aউল্লাহ, মোঃ ওয়ালী, _9146280 |
|
| 245 | 1 | 0 |
_aহিসাব বিজ্ঞান ও উৎপাদন ব্যয় হিসাব বিজ্ঞান থিওরী = Acconting and cost Accounting theory / _cমোঃ ওয়ালী উল্লাহ |
| 250 | _a৩য় সং. | ||
| 260 |
_aঢাকা : _bআবীদ পাবলিকেশনস, _c২০০০ |
||
| 300 |
_a৭১৪ পৃ ; _c২১ সেমি |
||
| 650 |
_aউৎপাদন ব্যয় হিসাব বিজ্ঞান _vতত্ত্ব _9146281 |
||
| 650 |
_aCost accounting. _v theory _9146282 |
||
| 942 |
_2ddc _cBK |
||
| 999 |
_c48319 _d48319 |
||